00728nam a22001937a 4500999001900000005001700019010001500036020002700051035001400078037001300092082001100105100001400116245007300130260004700203270009300250300004300343942002500386952012300411 c191505d19150520220829111544.0 aENG-134731 a9788173052026c1250.00 aEN-118263 bDBAD/PUB a934.01 aLal, B.B. aThe sarasvati flows on:bthe continuity of indian culture/cB.B. Lal aNew DelhibAryan Books Internationalc2016 aPooja apartments, 4B, ansari roadbNew Delhie110002k011-23287589maryanbooks@gmail.com a148p.c23cm(hbk)bBibliography & Index 2ddccENh934.01mLAL 001040708NFICaAVbAVd2022-08-29eDBAD/PUBg1250.00l0o934.01 LALpEN-118263r2022-08-29 00:00:00t1v1250.00yEN